| 000 | 00379nam a2200133Ia 4500 | ||
|---|---|---|---|
| 005 | 20260328101523.0 | ||
| 008 | 260328s9999||||xx |||||||||||||| ||und|| | ||
| 100 | _aMacgregor, Neil | ||
| 245 | 2 |
_aA History of the World in 100 objects : _b From the handaxe to the credit card / _cNeil Macgregor |
|
| 260 | _bViking | ||
| 300 | _a707 p. | ||
| 650 | _aDISEÑO INDUSTRIAL | ||
| 942 | _cBK | ||
| 999 |
_c9687 _d9687 |
||